1917 1348 1076 1364 1073 1963 1536 1719 1936 1506 1570 1327 1262 1001 1280 1430 1216 1392 1136 1487 1148 1772 1155 1484 1406 1320 1976 1596 1867 1718 1781 1344 1926 1291 1493 1270 1227 1326 1532 1472 1800 1915 1440 1013 1108 1453 1879 1887 1535 1865 1955 1670 1177 1564 1808 1647 1829 1383 1071 1575 1128 1069 1826 1810 1133 1389 1811 1270 1055 1697 1870 1470 1905 1967 1250 1157 1570 1384 1182 1757 1870 1403 1204 1668 1507 1123 1709 1074 1446 1591 1583 1074 1975 1548 1653 1472 1449 1203 1549 BCNSPRNW ULIB Ver.6.0+V

เปลี่ยนเป็นภาษาไทย

Change to English
 แสดงรายละเอียดบรรณานุกรม
  กลับหน้าหลัก

Brief Record : Get Marc (ISO 2709) : E-mail record : QR code < ปิดหน้าต่าง
LEADER : 00000nam 2200000uu 4500
001    13399126491
003     ULIB
008    180921s2014||||th 000 0 tha d
020    ^a9781455706587 (pbk.)
020    ^a1455706582 (pbk.)
060 10 ^aWA950^bD251J
100 1  ^aKatz, David L., ^d1963-, ^eauthor
245 10 ^aJekel s epidemiology, biostatistics, preventive medicine, and public health / ^cDavid L. Katz, Joann G. Elmore, Dorothea M.G. Wild, Sean C. Lucan.
246 1  ^aEpidemiology, biostatistics, preventive medicine, and public health
250    ^aFourth edition.
260  1 ^aPhiladelphia : ^bSaunders Elsevier, ^c[2014]
300    ^axiii, 405 pages : ^billustrations.
500    ^aPreceded by: Epidemiology, biostatistics, and preventive medicine / James F. Jekel ... [et al.]. 3rd ed. c2007.
504    ^aIncludes bibliographical references and index.
650 12 ^aEpidemiologic Methods ^0 https://id.nlm.nih.gov/mesh/D004812
650 12 ^aBiometry ^0 https://id.nlm.nih.gov/mesh/D001699
650 22 ^aPreventive Medicine ^0 https://id.nlm.nih.gov/mesh/D011315
650 22 ^aPublic Health ^0 https://id.nlm.nih.gov/mesh/D011634
700 1  ^aElmore, Joann G., ^eauthor.
700 1  ^aWild, Dorothea M. G., ^eauthor.
700 1  ^aLucan, Sean C., ^eauthor.
945    ^p2507^l0^i004664
999    ^aประนอม เกษจรัล
รายการนี้ยังไม่มีแท็ก
คุณยังไม่ได้ล็อกอิน คุณสามารถมีกิจกรรมร่วมกับเว็บไซต์ได้ แต่ต้องล็อกอินก่อน ::
  ล็อกอิน

รายการสื่อสารสนเทศ

ลำดับที่ ประเภท เลขเรียก/บาร์โค้ด สถานที่ สถานะ
1. วิทยาศาสตร์การแพทย์ และสุขภาพ
หนังสือสำรอง
สถานะ=หนังสือสำรอง
WA950 D251J ฉ.1 
  Barcode: 004664
ห้องสมุดวิทยาเขตสวรรค์ประชารักษ์
►หนังสือทั่วไป
บนชั้น

BibComment


ยังไม่เคยถูกคอมเมนท์

คอมเมนท์ทรัพยากรรายการนี้
  คอมเมนท์: Jekel s epidemio..


 Copyright 2026. Bcnsprnw @Library